Principles of fire safety engineering : (Record no. 88920)

MARC details
000 -LEADER
fixed length control field 00671nam a22001937a 4500
005 - DATE AND TIME OF LATEST TRANSACTION
control field 20140925105144.0
010 ## - LCCN (DPL NO)
LC control number ENG-110921
020 ## - INTERNATIONAL STANDARD BOOK NUMBER
International Standard Book Number 9788120350380
Terms of availability 250.00
035 ## - SYSTEM CONTROL NUMBER
System control number EN-94453
037 ## - SOURCE OF ACQUISITION
Source of stock number/acquisition DBAD/PUB
082 ## - DEWEY DECIMAL CLASSIFICATION NUMBER
Classification number 628.922
100 ## - MAIN ENTRY--PERSONAL NAME
Personal name Das, Akhil Kumar
245 ## - TITLE STATEMENT
Title Principles of fire safety engineering :
Statement of responsibility, etc by Akhil Kumar Das
Remainder of title understanding fire and fire protection /
260 ## - PUBLICATION, DISTRIBUTION, ETC. (IMPRINT)
Place of publication, distribution, etc New Delhi
Name of publisher, distributor, etc PHI Learning
Date of publication, distribution, etc 2014
270 ## - ADDRESS
Address Rimjhim House, 111, Patparganj Industrial Estate
City New Delhi
Postal code 110092
300 ## - PHYSICAL DESCRIPTION
Extent xiv,194p. :
Dimensions 24cm(pbk)
Other physical details ill.
500 ## - GENERAL NOTE
General note Includes bibliographical references and index
942 ## - ADDED ENTRY ELEMENTS (KOHA)
Source of classification or shelving scheme Dewey Decimal Classification
Item type English Books
Call number suffix DAS
Classification part 628.922
Holdings
Withdrawn status Lost status Not for loan Collection code Home library Current library Date acquired Source of acquisition Cost, normal purchase price Full call number Barcode Copy number Cost, replacement price Koha item type
    Not For Loan Non-fiction D.B.Act.Division D.B.Act.Division 23/09/2014 DBAD/PUB 250.00 628.922 DAS EN-94453 1 250.00 English Books

© Delhi Public Library
Hit Counter
free hit counter